A master plan? (Record no. 78979)
[ view plain ]
| 000 -LEADER | |
|---|---|
| fixed length control field | 01127cab a22002055a 4500 |
| 001 - CONTROL NUMBER | |
| control field | L138750 |
| 008 - FIXED-LENGTH DATA ELEMENTS--GENERAL INFORMATION | |
| fixed length control field | 070709e20070621xxko f 000 0 eng d |
| 035 ## - SYSTEM CONTROL NUMBER | |
| System control number | (Sirsi) u138750 |
| 041 0# - LANGUAGE CODE | |
| Language code of text/sound track or separate title | eng |
| 100 1# - MAIN ENTRY--PERSONAL NAME | |
| Personal name | Blackman, David |
| 245 02 - TITLE STATEMENT | |
| Title | A master plan? |
| 260 ## - PUBLICATION, DISTRIBUTION, ETC. | |
| Date of publication, distribution, etc. | 2007 |
| 490 ## - SERIES STATEMENT | |
| Series statement | Law Society's Gazette |
| Volume/sequential designation | 104(25) 21 June 2007, 24-25(2) |
| 520 ## - SUMMARY, ETC. | |
| Summary, etc. | Examines implications of the Planning White Paper. Details the structure of the independent planning commission. Criticism of the changes to the planning appeals process is reported, particularly regarding the charging of fees. Local development frameworks will also be simplified. The incoming chairman of the Law Society argues that changes have been designed to reduce the involvement of lawyers in the process. Suggests that in the short term planning lawyers will obtain more work, but within five years there will be fewer lawyers working within the planning sector. |
| 590 ## - LOCAL NOTE (RLIN) | |
| Local note | KA |
| 650 24 - SUBJECT ADDED ENTRY--TOPICAL TERM | |
| Topical term or geographic name entry element | PLANNING WHITE PAPER 2007 |
| 651 #4 - SUBJECT ADDED ENTRY--GEOGRAPHIC NAME | |
| Geographic name | United Kingdom |
| Chronological subdivision | |
| 690 ## - LOCAL SUBJECT ADDED ENTRY--TOPICAL TERM (OCLC, RLIN) | |
| Topical term or geographic name as entry element | ENVIRONMENTAL AND LAND CONSULTANCY-PLANNING AND DEVELOPMENT-PLANNING REFORM |
| 942 ## - ADDED ENTRY ELEMENTS (KOHA) | |
| Suppress in OPAC | 0 |
| Withdrawn status | Lost status | Source of classification or shelving scheme | Damaged status | Not for loan | Home library | Current library | Shelving location | Date acquired | Total Checkouts | Full call number | Barcode | Date last seen | Copy number | Price effective from | Koha item type |
|---|---|---|---|---|---|---|---|---|---|---|---|---|---|---|---|
| Dewey Decimal Classification | London | London | Journal article | 09/07/2007 | L138750 | 138750-1001 | 06/08/2019 | 1 | 06/08/2019 | Journal article |